Normal view
MARC view
- MEMS and MOEMS Technology and Application
Entry Topical Term
001 - CONTROL NUMBER
- control field: 124387
003 - CONTROL NUMBER IDENTIFIER
- control field: NUST
005 - DATE AND TIME OF LATEST TRANSACTION
- control field: 20240710172006.0
008 - FIXED-LENGTH DATA ELEMENTS
- fixed length control field: 240710|| aca||aabn | a|a d
040 ## - CATALOGING SOURCE
- Original cataloging agency: NUST
- Transcribing agency: NUST
150 ## - HEADING--TOPICAL TERM
- Topical term or geographic name entry element: MEMS and MOEMS Technology and Application
670 ## - SOURCE DATA FOUND
- Source citation: Work cat.: (NUST): P.Rai Choudhury 124386, MEMS and MOEMS Technology and Application, 2000.
